• 首页
  • 本馆介绍
  • 公告通知
  • 最新文献
  • 馆藏检索
  • 电子资源
  • 读者导购
  • 参考咨询
  • 我的图书馆
  • 登录
  • 详细信息显示
  • 放入我的书架
  • 预约/预借图书
  • 作者相关作品
  • 分类相关作品
  • 丛书相关作品
  • 出版社相关作品

书目信息

  • 表格格式
  • 工作单格式
  • 卡片格式
题名:
萨克斯管通俗小品
    
 
作者: 孙红 主编 ;范弘 改编并演奏
分册: 3  
出版信息: 上海   上海音乐出版社  2004
页数: 43页
开本: 30cm
丛书名: 流行雨
单 册:
中图分类: J647.121
科图分类:
主题词: 音乐--作品--中国
电子资源:
ISBN: 7-80667-585-X
000 01189nam0 2200349 450
000 01152nam0 2200337 450
000 01074nam0 2200325 450
000 01020nam0 2200301 450
000 01038nam0 2200289 450
000 01001nam0 2200277 45
001 TS2006037264
005 20061209165839.21
010    @a7-80667-585-X@dCNY40.00
100    @a20060829d2004 ekmy0chiy0120 ea
101 0  @achi
102    @aCN@b310000
105    @aag z 000yy
200 1  @a萨克斯管通俗小品@ASa Ke Si Guan Tong Su Xiao Pin@f孙红主编@FSun Hong Zhu Bian@g范弘改编并演奏@h3
210    @a上海@c上海音乐出版社@d2004
215    @a43页@c图, 乐谱@d30cm@e光盘(3)张
225 2  @a流行雨
307    @a附光盘: ISRC CN-R12-04-354-00
330    @a本书内容有爱我、我知道只有你、滴嗒滴、小薇、那片海、为爱说抱歉、那么爱你为什么、卡布基诺等曲目。
410  0 @12001 @a流行雨
606 0  @a音乐@x作品@x中国
690    @aJ647.121@v4
701  0 @a孙红@ASun Hong@4主编
702  0 @a范弘@AFan Hong@4改编并演奏
801  0 @aCN@b中图数据@c20061209
905    @a10447@dJ647.121@e100:3
    
    萨克斯管通俗小品/孙红主编/范弘改编并演奏.3.-上海:上海音乐出版社,2004
    43页:图, 乐谱;30cm+光盘(3)张.-(流行雨)
    
    
    ISBN 7-80667-585-X:CNY40.00
    本书内容有爱我、我知道只有你、滴嗒滴、小薇、那片海、为爱说抱歉、那么爱你为什么、卡布基诺等曲目。
●
相关链接 在E读中查询图书 在五车中查询图书 在当当中查询图书 在豆瓣中查询图书


正题名:萨克斯管通俗小品     索取号:J647.121/100:3         预约/预借

序号 登录号 条形码 馆藏地/架位号 状态 备注
1 0600085   206000851   第一样本阅览室/ [索取号:J647.121/100:3] 在馆    
2 0600086   206000860   第一借阅区/ [索取号:J647.121/100:3] 在馆    
3 0600087   206000879   第一借阅区/ [索取号:J647.121/100:3] 在馆    
4 0600088   206000888   第一借阅区/ [索取号:J647.121/100:3] 已借出,限还日期为2029.01.01
借出人:陈国婷  
 
5 0600089   206000897   第一借阅区/ [索取号:J647.121/100:3] 在馆    
唐山师范学院图书馆 欢迎您!
大连网信软件有限公司© 版权所有